Hóa học dầu mỏ và khí : Giáo trình cho sinh viên các trường Đại học Bách khoa và các trường khác

Sách cung cấp các kiến thức cơ bản về hóa học dầu mõ và khí cho sinh viên, học viên cao học ngành công nghệ hữu cơ hóa dầu, được chia làm 2 phần dầu thô và các quá trình chế biến dầu thô.

Guardado en:
Detalles Bibliográficos
Autor principal: Đinh Thị Ngọ
Formato: Libro
Lenguaje:Undetermined
Publicado: Hà Nội Khoa học và Kỹ thuật 2004
Materias:
Etiquetas: Agregar Etiqueta
Sin Etiquetas, Sea el primero en etiquetar este registro!
Thư viện lưu trữ: Trung tâm Học liệu Trường Đại học Cần Thơ
LEADER 00960nam a2200217Ia 4500
001 CTU_59937
008 210402s9999 xx 000 0 und d
020 |b 27000 
082 |a 547.83 
082 |b Ng400 
100 |a Đinh Thị Ngọ 
245 0 |a Hóa học dầu mỏ và khí : 
245 0 |b Giáo trình cho sinh viên các trường Đại học Bách khoa và các trường khác 
245 0 |c Đinh Thị Ngọ 
260 |a Hà Nội 
260 |b Khoa học và Kỹ thuật 
260 |c 2004 
520 |a Sách cung cấp các kiến thức cơ bản về hóa học dầu mõ và khí cho sinh viên, học viên cao học ngành công nghệ hữu cơ hóa dầu, được chia làm 2 phần dầu thô và các quá trình chế biến dầu thô. 
650 |a Petroleum chemicals 
904 |i Minh 
980 |a Trung tâm Học liệu Trường Đại học Cần Thơ